000 00984nam0a22002651 4500
001 rc\1106976
005 20250622150826.0
035 _a(NLR Aleph) 006351630
090 _a4807799
_c4807799
100 _a20041126d1982 |||y0rusy50 ca
101 0 _arus
102 _aRU
105 _aa |||||||||
200 1 _aМедицинское товароведение
_e[Для фармац. училищ и отд-ний]
205 _a2-е изд., испр. и доп.
210 _aМ.
_cМедицина
_d1982
215 _a208 с.
_cил.
_d20
225 1 _aУчебная литература
_iДля учащихся медицинских училищ
300 _aЗагл. 1-го изд.: Медицинский инструментарий, аппаратура и оборудование
700 1 _aКабатов
_bЮ.Ф.
_gЮрий Федорович
801 0 _aRU
_bNLR
_gpsbo
801 1 _aRU
_bELAR
_2rusmarc
852 _aNLR
_j82-3/4469
942 _cBOOK
980 _aNB